Aktiviti galakan membaca

Bibliographic Details
Main Author: Zainori, Abd. Raman
Format: Book
Published: Ampang : Pekan Ilmu , 2006
Series:Siri pengurusan pusat sumber sekolah
Subjects:

MARC

LEADER 00000cam a2200000 7i4500
001 0000019921
005 20070814.0
020 |a 9833385664 
040 |a INS 
090 0 0 |a Z675.S3   |b Z35 2006 
100 1 |a Zainori, Abd. Raman 
245 1 0 |a Aktiviti galakan membaca   |c Zainori Abd. Raman 
260 |a Ampang :   |b Pekan Ilmu ,   |c 2006 
300 |a v, 43 ms. :   |b ill. ;   |c 21 cm. 
440 0 |a Siri pengurusan pusat sumber sekolah 
504 |a Bibliografi : ms. 42 - 43 
650 0 0 |a Reading interests 
650 0 0 |a Reading promotion 
650 0 0 |a School libraries   |x Management 
999 |a 0000019026   |b BOOK   |c Open Shelf   |e Default branch